000 01586nam a22003857a 4500
003 CHAP
005 20220329140919.0
008 971013s1984 r 10010 d
010 _a59728
011 _a60700
035 _a64862
040 _cCHAP
082 _a301.35
_bM42
111 0 0 _aMesa Redonda sobre Tecnología Adecuada para el Desarrollo Rural Integral (
_d1984
_c: México, D.F.)
_975109
245 _aProblemática del desarrollo tecnológico nacional
_b: memoria
260 _aMéxico, D.F. :
_bAcademia Mexicana de Ingeniería,
_c1984
300 _a348 p.
490 _aAlternativas tecnológicas
_v; 6
590 _aBATCH-UPD
_b10
_c20130110
_lUCH01
_h0412
590 _aBATCH-UPD
_b10
_c20130110
_lUCH01
_h2239
590 _aBATCH-UPD
_b10
_c20130410
_lUCH01
_h0047
590 _aBATCH-UPD
_b10
_c20130410
_lUCH01
_h1534
590 _aBATCH-UPD
_b10
_c20130914
_lUCH01
_h1155
590 _aCONVERSION
_b10
_c20130109
_lUCH01
_h1332
650 1 4 _aAgua para irrigacion.
_92430
650 1 4 _aDesarrollo rural.
_932067
650 1 4 _aRecursos forestales
_xUtilización.
_995069
711 0 _aMesa Redonda sobre Tecnología Adecuada para el Aprovechamiento y Uso de los Recursos Forestales (1984 : México, D.F.)
_975107
711 0 _aMesa Redonda sobre Tecnologías Adecuadas para el Uso del Agua en el Riego (1984 : México, D.F.)
_975111
830 0 _aAlternativas tecnologicas
_v; 6
_94687
901 _aBK
942 _cLIBRO
949 _a301.35 M42
_bBC
_cCONG
_d-142839
_eCONG
_h69990
_i64862
_si
949 _a301.35 M42
_bBC
_cLIBRO
_d33724000635843
_eLIBRO
_fc.2
_h92205
_i64862
_si
999 _c59728
_d59728